Automation : Economic implications and impact upon collective bargaining

Enregistré dans:
Détails bibliographiques
Format: Livre
Langue:Undetermined
Publié: New York International Brotherhood 1964
Sujets:
Tags: Ajouter un tag
Pas de tags, Soyez le premier à ajouter un tag!
Thư viện lưu trữ: Trung tâm Học liệu Trường Đại học Cần Thơ
LEADER 00568nam a2200193Ia 4500
001 CTU_99102
008 210402s9999 xx 000 0 und d
082 |a 670.42 
082 |b A939 
245 0 |a Automation : 
245 0 |b Economic implications and impact upon collective bargaining 
260 |a New York 
260 |b International Brotherhood 
260 |c 1964 
650 |a Automation,Collective bargaining 
650 |x Economic aspects 
650 |z United states,United states 
904 |i Truc 
980 |a Trung tâm Học liệu Trường Đại học Cần Thơ